| 000 | 00450nam a2200169Ia 4500 | ||
|---|---|---|---|
| 001 | 2180 | ||
| 003 | IN-NITTTR | ||
| 005 | 20251114232926.0 | ||
| 008 | 251113s9999||||xx |||||||||||||| ||eng|| | ||
| 040 | _beng | ||
| 040 | _cIN-NITTTR | ||
| 041 | _aeng | ||
| 082 | _a538.22 H117 | ||
| 245 | 0 |
_aPermanent magnets and magnetism : _b theory,materials.design,manufacture and applications. / _cHadfield, D., ed. |
|
| 700 | _aHadfield, D. | ||
| 942 |
_2ddc _cBK |
||
| 999 |
_c3256 _d3256 |
||